000
00246nam a2200097Ia 4500
008
230915s9999 xx 000 0 und d
050
_a
Q161.2.H37.C.1
100
_a
HARCOURT
245
0
_a
HARCOURT SCIENCE: LIFE SCIENCE UNITS A AND B
942
_c
BK
999
_c
194379
_d
194379